Calculus of Several Variables /

Gespeichert in:
Bibliographische Detailangaben
1. Verfasser: Lang, Serge (Verfasst von)
Format: Buch
Sprache:Englisch
Veröffentlicht: New York : Springer Verlag, 1988
Ausgabe:3.Edition
Tags: Tag hinzufügen
Keine Tags, Fügen Sie das erste Tag hinzu!

MARC

LEADER 00000nam a22000003a 4500
001 stu31666
005 20150617225735.8
008 940311s1988----xxu-----------------eng-d
020 |a 0-387-96405-3 
040 |a STU  |b slo 
041 0 |a eng 
044 |a xxu 
080 |a 517.31 
100 1 |a Lang, Serge  |4 aut 
245 1 |a Calculus of Several Variables /  |c [aut.] Lang,Serge 
250 |a 3.Edition 
260 |a New York :  |b Springer Verlag,  |c 1988 
300 |a 620 s 
996 |b J90551  |c J*90551  |l JJST  |s P  |a 0  |w stu31666_0001